| 000 | 00434nam a22001577a 4500 | ||
|---|---|---|---|
| 003 | MPLRDC | ||
| 005 | 20220104173253.0 | ||
| 008 | 210129b ||||| |||| 00| 0 eng d | ||
| 082 | _a523.315 RAM 1993 | ||
| 100 | _aRAM KUMARI K. RAMAN, WAN MUN CHING | ||
| 245 |
_aBAHASA INGGERIS, PERSEDIAAN UJIAN PENCAPAIAN SEKOLAH RENDAH _c |
||
| 260 |
_a _bTIMES EDUCATIONAL _c1993 |
||
| 300 | _b平 | ||
| 650 | _a | ||
| 942 |
_cBK _o523.315 RAM 1993 |
||
| 999 |
_c59344 _d59334 |
||